|
|
|
|
| LEADER |
00000nam0a2200000 4500 |
| 001 |
290267 |
| 005 |
20231102000252.0 |
| 010 |
|
|
|a 9785911347178
|
| 010 |
|
|
|a 978-5-16-006466-6
|
| 035 |
|
|
|a (RuTPU)RU\TPU\book\314815
|
| 090 |
|
|
|a 290267
|
| 100 |
|
|
|a 20150406d2013 m y0rusy50 ca
|
| 101 |
0 |
|
|a rus
|
| 102 |
|
|
|a RU
|
| 105 |
|
|
|a y j 001zy
|
| 200 |
1 |
|
|a Стилистика и культура русской речи
|e учебник
|f под ред. Т. Я. Анохиной
|
| 210 |
|
|
|a Москва
|c Форум
|c Инфра-М
|d 2013
|
| 215 |
|
|
|a 311 с.
|
| 225 |
1 |
|
|a Высшее образование. Бакалавриат
|
| 320 |
|
|
|a Библиогр. в конце гл.
|
| 330 |
|
|
|a Учебник построен в соответствии с новыми государственными стандартами 3 поколения для ВПО и предназначен для студентов, изучающих курс «Русский язык и культура речи». Учебник содержит теоретический материал, задания для практической, самостоятельной работы и контрольные тесты. Особенностью изложения материала по культуре русской речи в данном учебнике является не столько изучение норм современного русского литературного языка, в соответствии с которым построены многие пособия по культуре речи, сколько смещение акцентов в сторону изучения речевых жанров, речевого поведения. Именно это позволяет обеспечить наибольший эффект в достижении поставленных коммуникативных задач.Предназначен для студентов вузов, бакалавров, а также может быть использован учащимися и преподавателями колледжей.
|
| 606 |
1 |
|
|a Русский язык
|x Стилистика, перевод, культура речи
|2 stltpush
|3 (RuTPU)RU\TPU\subj\26396
|9 50336
|
| 606 |
1 |
|
|a Русский язык
|x Учебные руководства и пособия для высшей школы
|2 stltpush
|3 (RuTPU)RU\TPU\subj\26398
|9 50338
|
| 610 |
1 |
|
|a культура речи
|
| 610 |
1 |
|
|a культура речи
|
| 610 |
1 |
|
|a русская речь
|
| 610 |
1 |
|
|a общение
|
| 610 |
1 |
|
|a язык
|
| 610 |
1 |
|
|a научный стиль
|
| 610 |
1 |
|
|a официально-деловой стиль
|
| 610 |
1 |
|
|a публицистический стиль
|
| 610 |
1 |
|
|a реклама
|
| 610 |
1 |
|
|a речевое поведение
|
| 610 |
1 |
|
|a речевые жанры
|
| 610 |
1 |
|
|a учебные пособия
|
| 686 |
|
|
|a Ш141.2-923.7
|v LBC/SL-A
|2 rubbk
|
| 702 |
|
1 |
|a Анохина
|b Т. Я.
|g Татьяна Яковлевна
|4 340
|
| 801 |
|
1 |
|a RU
|b 63413507
|c 20150406
|
| 801 |
|
2 |
|a RU
|b 63413507
|c 20150625
|g RCR
|
| 900 |
|
|
|a Стилистика
|
| 900 |
|
|
|a Стилистика русского языка и культура речи
|
| 942 |
|
|
|c BK
|
| 953 |
|
|
|l 8
|
| 959 |
|
|
|a 34/20150406
|d 1
|e 319,90
|f ЧЗИЛ:1
|